| 000 | 02331nam a2200385 i 4500 | ||
|---|---|---|---|
| 001 | 000003350 | ||
| 003 | DO-SdBNP | ||
| 005 | 20250908150613.0 | ||
| 007 | ta | ||
| 008 | 090708s2009 dr ad 000 0 spa d | ||
| 020 | _a9789945162646 | ||
| 040 |
_aDO-SdBNP _bspa _cBNPHU _erda |
||
| 041 | _aspa | ||
| 082 | 4 |
_a370.7293 _bG861t _222 |
|
| 100 | 1 |
_aGrimaldi Silié, Eleanor, _d1948- _eautor _4aut. _985713 |
|
| 245 | 1 | 0 |
_aTemas pedagógicos de ayer y de hoy : _bfundamentos para la práctica educativa / _cEleanor Grimaldi Silié ; prólogo Lidia Joaquín. |
| 264 |
_aSanto Domingo, República Dominicana : _bEditora Búho, _c2009. |
||
| 300 |
_a167 páginas : _bilustraciones diagrama. ; _c24 cm. |
||
| 336 |
_ardacontyent _btexto _2txt |
||
| 337 |
_ardamedia _bsin mediación _2n |
||
| 338 |
_ardacarrier _bvolumen _2nc |
||
| 500 | _aIncluye índice | ||
| 500 | _aIncluye índice de nombres | ||
| 500 | _aIncluye datos biográficos del autor en la contracubierta | ||
| 504 | _aBibliografía: páginas 163-164 | ||
| 505 | _aPrólogo página, 13 / Introducción, 17 / La educación y su influencia, 19 / Educación formal y educación no formal, 37 / Inicio de los sistemas educacionales, 41 / Evolución de la educación a partir de la Edad Media, 49 / La educación socialista, 57 / La educación en nuestro suelo a partir de la sociedad taína, 61 / Pinceladas sobre la educación dominicana, 67 / Educación y literatura infantil, 81 / La educación especial y su importancia, 83 / Estudio y educación, 85 / La educación física. Educación del intelecto Educación e inteligencia emocional, 87 / Sensibilidad y estética - valores educativos, 95 / Algunos retos para la educación dominicana, 99 / La pedagogía y sus vertientes. La didáctica. Enseñar y aprender, 111 / El maestro y la vocación, 117 / Los medios para la enseñanza-aprendizaje, 121 / Otros temas pedagógicos, 123 / Educadores paradigmáticos-representantes de la pedagogía, 129 / Índice de nombres, 165. | ||
| 590 | _aInventariado, 2018/LP | ||
| 650 | 0 |
_aEducación _951588 |
|
| 650 | 0 |
_aEducación y estado _zRepública Dominicana _951256 |
|
| 650 | 4 |
_aDesarrollo educativo _910501 |
|
| 650 | 7 |
_aPedagogía _9693 |
|
| 700 | 1 |
_aJoaquín, Lidia _eprologuista _910502 _4pr. |
|
| 910 | _aValidado. Control de calidad BNPHU | ||
| 942 |
_2ddc _cLBS1 |
||
| 999 |
_c3181 _d3181 |
||